000 01334nam a2200301 i 4500
001 768714001
003 CO-MdFUSB
005 20251001094556.0
007 ta
008 170822t2002 c ||||| |||| 00| 0 s d
020 _a958-33-3972-5
040 _aCO-MdFUSB
_bspa
_cCO-MdFUSB
_dCO-MdFUSBC
_erda
041 _aspa
082 0 4 _223
_a222.12
_bC8991e
100 1 _aCrawford, Colin
_eautor
245 0 _aDe Egipto a Canaán
_c/ Colin Crawford
264 1 _aColombia :
_b Seminario Bíblico de Filadelfia,
_c[2002]
264 4 _c©2002
300 _a192 páginas
_c; 22 cm
336 _2rdacontent
_atexto
_btxt
337 _2rdamedia
_asin mediación
_bn
338 _2rdacarrier
_avolumen
_bnc
505 _aCelebración de la pascua "Redención" -- La fiesta de los panes sin levadura "Comunión" -- Presentación de los primogénitos "Consagración"-- La nube y la columna de fuego "Dirección" -- Cruzando el mar rojo "separación" -- El agua amarga de Mara "aflicción" -- Dios da el mana "Provisión" -- Agua de la roca "satisfacción" -- Guerra con Amalec "protección" -- Consejo de Jetro "delegación" -- La ley dada en Sinaí "instrucción" -- El tabernáculo "adoración" -- Conquista de Canaán "posesión"
563 _aRústico
653 _aBiblia A.T. - Éxodo - Comentarios
942 _cBK
945 _aJTF-925
999 _c43937
_d43937